=LDR 00000nam 2200000 4500 =001 INLIS000000000006303 =005 20130612094442 =008 ***********************************Ind** =035 ##$$0010-061300000006303 =041 ##$$a Ind =082 ##$$a 001.42 =090 ##$$a 001.42 Sup b =100 ##$$a Suparman, IA =245 ##$$a Buku materi pokok pengumpulan dan =850 ##$$a NBPNMAT